000 00596nam a2200229Ia 4500
003 OSt
005 20221005114025.0
006 a|||||r|||| 00| 0
007 ta
008 221004b |||||||| |||| 00| 0 eng d
024 _a53639
037 _cTextual
040 _aCRL
_cCRL
_beng
041 _2eng
_aeng
082 _aRv73:N5, K2
100 _aCohen Morris Raphael
245 0 _aAmerican thought
_bA critical sketch ed by Felix S Cohen.
260 _c1962
650 _aPHILOSOPHY
942 _hRv73:N5, K2
_cTEXL
_2cc
999 _c1030044
_d1030044